[Event "LOCKDOWN LIGHT"]
[Site "SchemingMind.com"]
[Date "2020.04.08"]
[Round "-"]
[White "David Hartley"]
[Black "Clive Everill"]
[Result "1/2-1/2"]
[WhiteCountry "ENG"]
[BlackCountry "CZE"]
[WhiteElo "1709"]
[WhiteRD "72"]
[BlackElo "1703"]
[BlackRD "53"]
[GameID "453396"]

1. a3 d5 2. d4 c6 3. Nf3 Nf6 4. Bg5 Ne4 5. Bh4 Bf5 6. Nbd2 Nd6 7. e3 g6 8. Be2 Bg7 9. O-O Nd7 10. Bg3 Qc7
11. c3 e5 12. dxe5 Ne4 13. Nxe4 dxe4 14. Nd4 Bxe5 15. Bxe5 Qxe5 16. Nxf5 Qxf5 17. Bg4 Qd5 18. c4 Qxd1 19. Rfxd1 Ne5 20. Be2 O-O
21. Rd2 Rfd8 22. Rad1 Rxd2 23. Rxd2 f5 24. f3 exf3 25. gxf3 b6 26. h4 Kg7 27. f4 Ng4 28. Bxg4 fxg4 29. Kg2 h5 30. e4 Rf8
31. Kg3 Rf7 32. a4 c5 33. b3 Re7 34. e5 Kf7 35. Rd6 Kg7 36. Rd5 Kf7 37. Rd6=
1/2-1/2

[Event "LOCKDOWN LIGHT"]
[Site "SchemingMind.com"]
[Date "2020.04.07"]
[Round "-"]
[White "Clive Everill"]
[Black "David Hartley"]
[Result "1-0"]
[WhiteCountry "CZE"]
[BlackCountry "ENG"]
[WhiteElo "1703"]
[WhiteRD "53"]
[BlackElo "1709"]
[BlackRD "72"]
[GameID "453397"]

1. a3 e5 2. e4 Nf6 3. Nc3 Nc6 4. Nf3 d5 5. Bb5 Qd6 6. d4 exd4 7. Nxd4 Bd7 8. O-O Nxd4 9. Bxd7+ Qxd7 10. Qxd4 dxe4
11. Qe3 O-O-O 12. b4 Re8 13. Bb2 Kb8 14. Rad1 Qf5 15. Rd2 Bd6 16. g3 Qg6 17. Nb5 b6 18. Nxd6 cxd6 19. Rxd6 Ng4 20. Qd2 f6
21. Rd1 Qf5 22. Qe2 Qc8 23. Bc1 Ka8 24. Rd7 f5 25. Rxg7 Ne5 26. Bf4 Qe6 27. Bxe5 Qxe5 28. Rdd7 Qa1+ 29. Kg2 Qxa3 30. Rxh7 Rxh7
31. Rxh7 Rb8 32. h4 Qxb4 33. h5 Qf8 34. Qa6
1-0

[Event "LOCKDOWN LIGHT"]
[Site "SchemingMind.com"]
[Date "2020.04.12"]
[Round "-"]
[White "JPT"]
[Black "David Hartley"]
[Result "1/2-1/2"]
[WhiteCountry "INT"]
[BlackCountry "ENG"]
[WhiteElo "1822"]
[WhiteRD "84"]
[BlackElo "1709"]
[BlackRD "72"]
[GameID "453422"]

1. a3 e5 2. e4 Nf6 3. Nc3 d5 4. exd5 Nxd5 5. Nxd5 Qxd5 6. d3 Bd6 7. Qf3 Be6 8. Be2 Nd7 9. Qxd5 Bxd5 10. Bf3 Bxf3
11. Nxf3 O-O 12. O-O f6 13. Bd2 Rae8 14. Be3 b6 15. Nd2 c5 16. Ne4 Be7 17. Nc3 Ra8 18. Nd5 Bd6 19. c4 Nb8 20. b4=
1/2-1/2

[Event "LOCKDOWN LIGHT"]
[Site "SchemingMind.com"]
[Date "2020.04.12"]
[Round "-"]
[White "David Hartley"]
[Black "JPT"]
[Result "1/2-1/2"]
[WhiteCountry "ENG"]
[BlackCountry "INT"]
[WhiteElo "1693"]
[WhiteRD "69"]
[BlackElo "1832"]
[BlackRD "78"]
[GameID "453423"]

1. a3 g6 2. e4 Bg7 3. Nc3 f6 4. Nf3 e6 5. d4 Nh6 6. Be3 Nf7 7. Bb5 O-O 8. O-O b6 9. Re1 Bb7 10. Bd3 d6
11. Qe2 c6 12. Rad1 a5 13. Qd2 Na6 14. Ne2 Nc7 15. c4 c5 16. d5 e5 17. Ra1 Bc8 18. Kf1 f5 19. exf5 gxf5 20. Bg5 Nxg5
21. Nxg5 Bh6 22. h4 Bd7 23. Ng1 e4 24. Bc2 Qf6 25. Rab1 Qd4 26. Qe2 Rae8 27. N1h3 e3 28. Nf3 Qf6 29. fxe3 Bxe3 30. Qd3 Bd4
31. Nxd4 Qxd4 32. Qxd4 cxd4=
1/2-1/2

[Event "LOCKDOWN LIGHT"]
[Site "SchemingMind.com"]
[Date "2020.04.09"]
[Round "-"]
[White "JPT"]
[Black "Clive Everill"]
[Result "1-0"]
[WhiteCountry "INT"]
[BlackCountry "CZE"]
[WhiteElo "1832"]
[WhiteRD "78"]
[BlackElo "1707"]
[BlackRD "56"]
[GameID "453424"]

1. a3 e5 2. e4 Nf6 3. Nc3 d5 4. exd5 Nxd5 5. Nxd5 Qxd5 6. d3 Bd6 7. Qf3 Qe6 8. Ne2 c6 9. Nc3 O-O 10. Be2 Nd7
11. O-O Bc7 12. Bd2 f5 13. Rae1 h6 14. Qh5 Nf6 15. Qh4 Bd8 16. f4 Ne4 17. Qh5 Nxd2 18. Rf2 e4 19. Bd1 Bb6 20. Qe2 Bxf2+
21. Qxf2 e3 22. Rxe3 Qf6 23. Qxd2 Bd7 24. b3 Rae8 25. Rf3 Re6 26. d4 Rfe8 27. Na4 b6 28. Nb2 Qe7 29. Nd3 Kh7 30. Ne5 Bc8
31. Qd3 Rd6 32. c3 Bb7 33. Qxf5+ g6 34. Qd3 c5 35. Rf2 cxd4 36. cxd4 Red8 37. Bc2 Qf6 38. Qc3 Rg8 39. Ng4 Qd8 40. f5 Bd5
41. Qd2 Qg5 42. Qe1 Bf7 43. Qe5 Rc6 44. fxg6+ Rcxg6 45. Rxf7+
1-0

[Event "LOCKDOWN LIGHT"]
[Site "SchemingMind.com"]
[Date "2020.04.09"]
[Round "-"]
[White "Clive Everill"]
[Black "JPT"]
[Result "0-1"]
[WhiteCountry "CZE"]
[BlackCountry "INT"]
[WhiteElo "1707"]
[WhiteRD "56"]
[BlackElo "1832"]
[BlackRD "78"]
[GameID "453425"]

1. a3 g6 2. d4 Bg7 3. Nf3 f6 4. c4 e6 5. e4 Nh6 6. h3 Nf7 7. Bd3 O-O 8. O-O b6 9. Nc3 Bb7 10. Bf4 d6
11. Qc2 c6 12. Rad1 Na6 13. b4 Nc7 14. Qd2 Qe7 15. Rfe1 e5 16. dxe5 dxe5 17. Be3 Rad8 18. Qc1 Ne6 19. Ne2 Kh8 20. Nh2 Nd4
21. Nc3 Rd7 22. Ng4 h5 23. Nh2 Kh7 24. f4 c5 25. b5 exf4 26. Bxf4 Ne5 27. Bf1 g5 28. Bg3 Bh6 29. Qb2 f5 30. exf5 Rxf5
31. Bd3 Bg7 32. Bxf5+ Nxf5 33. Rxd7 Qxd7 34. Bxe5 Bxe5 35. Qc2 Bd4+ 36. Kh1 Kh6 37. Nf1 Nh4 38. Ne4 Qf5 39. Nfg3 Qe6 40. Qe2 Qg6
41. a4 Nf5 42. Nxf5+ Qxf5 43. Nd6 Qxh3#
0-1

[Event "LOCKDOWN LIGHT"]
[Site "SchemingMind.com"]
[Date "2020.04.11"]
[Round "-"]
[White "JPT"]
[Black "Randy Bahr"]
[Result "1/2-1/2"]
[WhiteCountry "INT"]
[BlackCountry "USA"]
[WhiteElo "1822"]
[WhiteRD "84"]
[BlackElo "1736"]
[BlackRD "70"]
[GameID "453537"]

1. a3 d5 2. d4 c6 3. Nc3 g6 4. e4 dxe4 5. Nxe4 Bg7 6. Nf3 Nf6 7. Nxf6+ exf6 8. Bc4 O-O 9. O-O Be6 10. b3 Nd7
11. Re1 Re8 12. c3 b5 13. Bxe6 fxe6 14. Ra2 e5 15. dxe5 Nxe5 16. Nd4 Qc8 17. Rae2 Qd7 18. f4 Ng4 19. Qc2 f5 20. Ne6 Nf6
21. Nxg7 Kxg7 22. Bb2 Rxe2 23. Rxe2 Re8 24. c4 Rxe2 25. Qxe2 Kf7 26. Bxf6 Kxf6 27. cxb5 cxb5 28. Qe5+ Kf7 29. Kf2 Qd2+ 30. Kf3 Qd1+
31. Kf2 Qd2+=
1/2-1/2

[Event "LOCKDOWN LIGHT"]
[Site "SchemingMind.com"]
[Date "2020.04.11"]
[Round "-"]
[White "Randy Bahr"]
[Black "JPT"]
[Result "1/2-1/2"]
[WhiteCountry "USA"]
[BlackCountry "INT"]
[WhiteElo "1736"]
[WhiteRD "70"]
[BlackElo "1822"]
[BlackRD "84"]
[GameID "453538"]

1. a3 g6 2. d4 Bg7 3. Nf3 f6 4. e4 e6 5. Bc4 Nh6 6. Nc3 Nf7 7. O-O O-O 8. Ba2 b6 9. Be3 Bb7 10. d5 e5
11. h4 h6 12. Qd2 d6 13. Ne2 c5 14. c4 Na6 15. Nh2 Nc7 16. b3 Bc8 17. g3 Bh3 18. Rfe1 h5 19. f4 Kh7 20. Bb1 Bh6
21. Kh1 Bd7 22. Ng1 Rg8 23. Nhf3 Qe7 24. Bd3 Rg7 25. Re2 Rag8 26. Rh2 Rh8 27. Nh3 Kg8 28. Rg1 Kf8 29. b4 Bxh3 30. Rxh3 Ne8
31. Rh2 f5 32. Ng5 Bxg5 33. fxg5 f4 34. gxf4 exf4 35. Bxf4 Kg8 36. Rf1 Ne5 37. Bxe5 Qxe5 38. Rhf2 Qg3 39. Rf4 Qh3+ 40. Kg1 Qg3+
41. Kh1 Qh3+=
1/2-1/2

[Event "LOCKDOWN LIGHT"]
[Site "SchemingMind.com"]
[Date "2020.04.12"]
[Round "-"]
[White "David Hartley"]
[Black "Randy Bahr"]
[Result "1/2-1/2"]
[WhiteCountry "ENG"]
[BlackCountry "USA"]
[WhiteElo "1709"]
[WhiteRD "72"]
[BlackElo "1736"]
[BlackRD "70"]
[GameID "453539"]

1. a3 d5 2. d4 Nf6 3. Nf3 a6 4. Nc3 Nc6 5. e3 Bg4 6. Be2 e6 7. Bd2 Bd6 8. O-O O-O 9. Re1 e5 10. Nxe5 Bxe2
11. Nxc6 Bxh2+ 12. Kh1 bxc6 13. Qxe2 Bd6 14. g3 Qd7 15. Kg2 Rfe8 16. Qf3 Ne4 17. Nxe4 Rxe4 18. Rh1 Rae8 19. Rh3 h6 20. Rah1 R8e6
21. Qd1 Rg6 22. c3 Reg4 23. Be1 Be7 24. f3 R4g5 25. g4 f5 26. f4 Rxg4+ 27. Kf3 Qe6 28. Qd3 Qe4+ 29. Qxe4 fxe4+ 30. Ke2 Rg2+
31. Bf2 Kf7 32. b4 Re6 33. Kf1 Rg4 34. Rh5 Bf6 35. R5h2 Re8 36. Be1 Rh8 37. a4 Kg6 38. Rc2 Be7 39. c4 dxc4 40. Rxc4 Bd6
41. Rxc6 Ra8 42. Rc2 h5 43. Rch2 Rh8 44. Ke2 Be7 45. Kd1 h4 46. Kc2 Kf5 47. Kb3 Ke6 48. Kc4 c6 49. Bf2 g5 50. fxg5 Bxg5
51. Kc5 Kd7 52. d5 Be7+ 53. Kc4 Kd6 54. dxc6 Kxc6 55. Be1 Rh5 56. Rh3 Rh8 57. R3h2=
1/2-1/2

[Event "LOCKDOWN LIGHT"]
[Site "SchemingMind.com"]
[Date "2020.04.12"]
[Round "-"]
[White "Randy Bahr"]
[Black "David Hartley"]
[Result "1-0"]
[WhiteCountry "USA"]
[BlackCountry "ENG"]
[WhiteElo "1736"]
[WhiteRD "70"]
[BlackElo "1709"]
[BlackRD "72"]
[GameID "453540"]

1. a3 e5 2. e4 Nf6 3. Nf3 Nc6 4. Nc3 d6 5. Bb5 Bd7 6. d3 Be7 7. O-O O-O 8. Bc4 h6 9. Ne1 Qc8 10. f3 a6
11. Ne2 Be6 12. Bxe6 Qxe6 13. f4 exf4 14. Nxf4 Qd7 15. Nh5 Nxh5 16. Qxh5 Qe6 17. Nf3 f5 18. Bf4 fxe4 19. Nh4 exd3 20. Ng6 Rf5
21. Rae1 Qd7 22. Rxe7 Nxe7 23. Nxe7+ Qxe7 24. Qxf5 dxc2 25. Qxc2 c6 26. Qd2 d5 27. Re1 Qd7 28. Qd4 Rc8 29. Re5 Qf7 30. h4 Rd8
31. g3 Re8 32. Rxe8+ Qxe8 33. Qe5 Qd7 34. Kf2 c5 35. Ke2 c4 36. Ke3 b5 37. Qd6 Qa7+ 38. Kd2 d4 39. Qb8+ Qxb8 40. Bxb8 Kf7
41. Be5 d3 42. Kc3 g6 43. Bf4 h5 44. Kb4 Kf6 45. Ka5 Kf5 46. Kxa6
1-0

[Event "LOCKDOWN LIGHT"]
[Site "SchemingMind.com"]
[Date "2020.04.11"]
[Round "-"]
[White "Clive Everill"]
[Black "Randy Bahr"]
[Result "0-1"]
[WhiteCountry "CZE"]
[BlackCountry "USA"]
[WhiteElo "1770"]
[WhiteRD "54"]
[BlackElo "1722"]
[BlackRD "68"]
[GameID "453541"]

1. a3 d5 2. d4 c6 3. Nf3 Nf6 4. Bf4 Bf5 5. e3 e6 6. Be2 Bd6 7. Bxd6 Qxd6 8. Ne5 Nbd7 9. f4 O-O 10. O-O Ne4
11. g4 Bg6 12. f5 exf5 13. gxf5 Nxe5 14. dxe5 Qxe5 15. fxg6 Ng3 16. gxh7+ Kh8 17. Rf3 Nxe2+ 18. Qxe2 Qxb2 19. Nd2 Qxa1+ 20. Kg2 Qe5
21. Rg3 Rae8 22. Qd3 f5 23. c3 f4 24. exf4 Qxf4 25. Nf3 Re3 26. Qd1 Qe4 27. Qd4 Qxd4 28. cxd4 Rexf3 29. Rxf3 Rxf3 30. Kxf3 Kxh7
31. Kf4 a5 32. Ke5 b5 33. Kd6 b4 34. axb4 axb4 35. Kxc6 b3 36. Kxd5 b2 37. Kd6 b1=Q 38. d5 g5 39. Kd7 Kg7 40. d6 Qb7+
41. Ke6 Qf7+ 42. Ke5 Qd7 43. Kd5 Kf6 44. h3 Kf5 45. Kc5 Ke5
0-1

[Event "LOCKDOWN LIGHT"]
[Site "SchemingMind.com"]
[Date "2020.04.11"]
[Round "-"]
[White "Randy Bahr"]
[Black "Clive Everill"]
[Result "1/2-1/2"]
[WhiteCountry "USA"]
[BlackCountry "CZE"]
[WhiteElo "1722"]
[WhiteRD "68"]
[BlackElo "1770"]
[BlackRD "54"]
[GameID "453542"]

1. a3 e5 2. c4 c6 3. d4 exd4 4. Qxd4 Nf6 5. Nf3 Be7 6. e3 O-O 7. Be2 c5 8. Qd3 h6 9. O-O d5 10. Nc3 Be6
11. cxd5 Nxd5 12. Bd2 Nc6 13. e4 Nxc3 14. Bxc3 Qb6 15. Qd2 Rfd8 16. Qe3 Rd7 17. Rfd1 Rad8 18. Rxd7 Rxd7 19. Rd1 Rxd1+ 20. Bxd1 Qc7
21. Ba4 Nb8 22. Nd2 a6 23. f4 b5 24. Bc2 Nc6 25. Kh1 a5 26. f5 Bc8 27. f6 Bxf6 28. Qxc5 Bxc3 29. Qxc3 Qd7 30. Qd3 Qxd3
31. Bxd3 b4 32. axb4 Nxb4 33. Bb5 Bb7 34. Kg1 Nc2 35. e5 Ne3 36. Nb3 Nxg2 37. Nxa5 Bd5 38. Kf2 Nf4 39. Ke3 Ne6 40. b4 Nc7
41. Bc6 Bxc6 42. Nxc6 f6 43. Ke4 Kf7 44. exf6 Kxf6 45. Nd4 g5 46. b5=
1/2-1/2

[Event "LOCKDOWN LIGHT"]
[Site "SchemingMind.com"]
[Date "2020.04.11"]
[Round "-"]
[White "JPT"]
[Black "krzysztof"]
[Result "1-0"]
[WhiteCountry "INT"]
[BlackCountry "POL"]
[WhiteElo "1822"]
[WhiteRD "84"]
[BlackElo "1436"]
[BlackRD "67"]
[GameID "453548"]

1. a3 e6 2. e4 d5 3. exd5 Qxd5 4. Nc3 Qd8 5. Nf3 c6 6. Bc4 b5 7. Bb3 Ba6 8. d3 Qb6 9. Be3 Bc5 10. Bxc5 Qxc5
11. O-O Nf6 12. Qe2 Nbd7 13. Rfe1 O-O-O 14. Rad1 Nb6 15. Ne4 Nxe4 16. Qxe4 Nd5 17. Ne5 f5 18. d4 Qb6 19. Qf3 Rhf8 20. c3 c5
21. dxc5 Qc7 22. Bxd5 exd5 23. Rxd5 Bb7 24. Rxd8+ Rxd8 25. c6 Bxc6 26. Nxc6 Rd6 27. Qxf5+ Qd7 28. Nxa7+ Kd8 29. Qxd7+ Rxd7 30. Nxb5 Rb7
31. c4 Rf7 32. Nd6 Kd7 33. Nxf7
1-0

[Event "LOCKDOWN LIGHT"]
[Site "SchemingMind.com"]
[Date "2020.04.11"]
[Round "-"]
[White "krzysztof"]
[Black "JPT"]
[Result "0-1"]
[WhiteCountry "POL"]
[BlackCountry "INT"]
[WhiteElo "1450"]
[WhiteRD "69"]
[BlackElo "1832"]
[BlackRD "78"]
[GameID "453549"]

1. a3 g6 2. b4 Bg7 3. Ra2 f6 4. Bb2 e6 5. e3 Nh6 6. h3 Nf7 7. Bc4 O-O 8. g4 b6 9. Bb3 Bb7 10. Rh2 d6
11. c4 c6 12. f3 Na6 13. g5 Nxg5 14. f4 Nf7 15. d4 Nc7 16. h4 h6 17. e4 Qe7 18. Qg4 g5 19. d5 exd5 20. Kd1 dxc4
21. Bxc4 Qxe4 22. Nd2 Qxf4 23. Qxf4 gxf4 24. Rg2 Kh8 25. Rg6 Ne5 26. Bxe5 dxe5 27. Ne4 Nd5 28. Bxd5 Rad8 29. Nxf6 Rxf6 30. Rxf6 Rxd5+
31. Ke2 Bxf6 32. Nf3 Ba6+ 33. Kf2 e4 34. Nd2 Bxh4+ 35. Kg2 f3+ 36. Kh3 Bg5 37. Nxe4 Rd3 38. Kh2 Bf4+ 39. Kg1 Be3+ 40. Nf2 Rd1+
41. Kh2 Bf4+ 42. Kh3 Bc8+ 43. Ng4 Rh1+ 44. Rh2 Rxh2#
0-1

[Event "LOCKDOWN LIGHT"]
[Site "SchemingMind.com"]
[Date "2020.04.12"]
[Round "-"]
[White "David Hartley"]
[Black "krzysztof"]
[Result "1-0"]
[WhiteCountry "ENG"]
[BlackCountry "POL"]
[WhiteElo "1709"]
[WhiteRD "72"]
[BlackElo "1436"]
[BlackRD "67"]
[GameID "453550"]

1. a3 a6 2. e4 d6 3. d4 c5 4. dxc5 Qa5+ 5. b4 Qc7 6. cxd6 Qxd6 7. Qxd6 exd6 8. Bd3 Be6 9. Nf3 Nc6 10. O-O Nf6
11. Bd2 Be7 12. c4 b5 13. cxb5 axb5 14. Bxb5 Bd7 15. Nc3 O-O 16. Rad1 Rfd8 17. Bc1 Rdc8 18. Bb2 Rc7 19. Rc1 Ne5 20. Bxd7 Rxd7
21. Nxe5 dxe5 22. Rfd1 Rad8 23. Rxd7 Rxd7 24. f3 Ne8 25. Nd5 Bf6 26. Nxf6+ gxf6 27. Kf1 Rd2 28. Bc3 Rd3 29. Ke2 Rd8 30. g4 Ng7
31. a4 Ne6 32. a5 Nc7 33. Rb1 Nb5 34. Be1 Rd4 35. Rc1 Rd8 36. Bf2 Nd4+ 37. Bxd4 Rxd4 38. Rb1 Kf8 39. a6 Rd7 40. b5 Ke8
41. b6 Kd8 42. a7 Kc8 43. a8=Q#
1-0

[Event "LOCKDOWN LIGHT"]
[Site "SchemingMind.com"]
[Date "2020.04.12"]
[Round "-"]
[White "krzysztof"]
[Black "David Hartley"]
[Result "0-1"]
[WhiteCountry "POL"]
[BlackCountry "ENG"]
[WhiteElo "1436"]
[WhiteRD "67"]
[BlackElo "1709"]
[BlackRD "72"]
[GameID "453551"]

1. a3 e5 2. e4 Nf6 3. Nc3 Nc6 4. Nf3 d5 5. d3 dxe4 6. dxe4 Qxd1+ 7. Kxd1 Bc5 8. Be3 Bxe3 9. fxe3 Bg4 10. Be2 Bh5
11. Ng5 Rd8+ 12. Kc1 Bxe2 13. Nxe2 h6 14. Nf3 Nxe4 15. Rd1 O-O 16. Nc3 Nxc3 17. bxc3 Rxd1+ 18. Kxd1 Rd8+ 19. Ke2 f6 20. e4 g5
21. g4 Nb8 22. Rb1 b6 23. Rb5 a5 24. c4 Nd7 25. h4 Nc5 26. Nd2 Rd7 27. Ke3 h5 28. hxg5 fxg5 29. Nb3 Nxb3 30. Rxb3 h4
31. Rb1 Rf7 32. Rb5 h3 33. Rb1 h2 34. Rh1 Rh7 35. Kf2 Kf7 36. Kg2 Ke6 37. Rxh2 Rxh2+ 38. Kxh2 Kd6 39. Kg3 Kc5 40. Kf3 Kxc4
41. Ke2 Kc3 42. Kd1 Kb2 43. Kd2 Kxa3 44. Kc3 b5 45. Kd3 c5 46. c4 b4 47. Kc2 Ka2 48. Kc1 b3 49. Kd2 b2 50. Kc2 b1=Q+
51. Kc3 Qb3+
0-1

[Event "LOCKDOWN LIGHT"]
[Site "SchemingMind.com"]
[Date "2020.04.11"]
[Round "-"]
[White "Clive Everill"]
[Black "krzysztof"]
[Result "1-0"]
[WhiteCountry "CZE"]
[BlackCountry "POL"]
[WhiteElo "1770"]
[WhiteRD "54"]
[BlackElo "1497"]
[BlackRD "64"]
[GameID "453552"]

1. a3 e5 2. e4 Nc6 3. Nc3 a6 4. Bc4 b5 5. Ba2 Bb7 6. Qf3 Nf6 7. Nge2 Ra7 8. g4 h6 9. Nd5 Be7 10. Nxf6+ Bxf6
11. d3 Nd4 12. Nxd4 exd4 13. h4 Qe7 14. Bf4 d6 15. O-O-O Be5 16. Bd2 c5 17. g5 h5 18. Qh3 c4 19. dxc4 Bxe4 20. Ba5 O-O
21. f3 Bf4+ 22. Kb1 Bg6 23. Rxd4 Be3 24. Rd5 f5 25. Re1 f4 26. Bb4 Qc7 27. Bxd6 Qf7 28. Bxf8 Qxf8 29. cxb5 Bxc2+ 30. Kxc2 Kh8
31. g6 axb5 32. Rxh5#
1-0

[Event "LOCKDOWN LIGHT"]
[Site "SchemingMind.com"]
[Date "2020.04.11"]
[Round "-"]
[White "krzysztof"]
[Black "Clive Everill"]
[Result "0-1"]
[WhiteCountry "POL"]
[BlackCountry "CZE"]
[WhiteElo "1497"]
[WhiteRD "64"]
[BlackElo "1770"]
[BlackRD "54"]
[GameID "453553"]

1. a3 c5 2. b4 cxb4 3. axb4 Qb6 4. Ba3 e5 5. e3 Bxb4 6. c3 Bxa3 7. Rxa3 Ne7 8. Qb3 Qf6 9. Nh3 b6 10. d4 exd4
11. cxd4 O-O 12. Bc4 Bb7 13. Nf4 Nbc6 14. d5 Na5 15. Rxa5 bxa5 16. Qxb7 Rfb8 17. Qxd7 Rxb1+ 18. Ke2 Rxh1 19. d6 Nf5 20. Bxf7+ Qxf7
21. Qxf7+ Kxf7 22. Nd5 Rxh2 23. f3 Rxg2+
0-1

[Event "LOCKDOWN LIGHT"]
[Site "SchemingMind.com"]
[Date "2020.04.11"]
[Round "-"]
[White "krzysztof"]
[Black "Randy Bahr"]
[Result "0-1"]
[WhiteCountry "POL"]
[BlackCountry "USA"]
[WhiteElo "1497"]
[WhiteRD "64"]
[BlackElo "1722"]
[BlackRD "68"]
[GameID "453554"]

1. a3 g6 2. e4 c5 3. d3 Bg7 4. c4 d6 5. Qa4+ Bd7 6. Qb3 Qc8 7. Nf3 Nf6 8. Qc3 O-O 9. Qd2 Nc6 10. h4 h5
11. g3 Nd4 12. Nxd4 cxd4 13. Bg2 Ng4 14. Bh3 f5 15. f3 fxe4 16. fxg4 e3 17. Qe2 Rf2 18. Qxf2 exf2+ 19. Kxf2 hxg4 20. Bg2 Be5
21. Bf4 Bf5 22. Be4 Qf8 23. Kg2 Bxf4 24. gxf4 Bxe4+ 25. Kg3 Bxh1 26. Nd2 Qf5 27. Ne4 Bxe4 28. dxe4 Qxe4 29. Rf1 Qe3+ 30. Kh2 Qh3+
31. Kg1 g3 32. Rf3 Qh2+ 33. Kf1 g2+ 34. Ke2 g1=Q+
0-1

[Event "LOCKDOWN LIGHT"]
[Site "SchemingMind.com"]
[Date "2020.04.11"]
[Round "-"]
[White "Randy Bahr"]
[Black "krzysztof"]
[Result "1-0"]
[WhiteCountry "USA"]
[BlackCountry "POL"]
[WhiteElo "1722"]
[WhiteRD "68"]
[BlackElo "1497"]
[BlackRD "64"]
[GameID "453555"]

1. a3 e6 2. Nf3 d5 3. c4 d4 4. g3 c6 5. d3 Nf6 6. Bg2 Bc5 7. e3 dxe3 8. Bxe3 Qb6 9. Bxc5 Qxc5 10. O-O Nbd7
11. Nbd2 Qh5 12. Re1 Ne5 13. Rxe5 Qh6 14. Ne4 Nxe4 15. Rxe4 f5 16. Re5 g5 17. Qd2 Rg8 18. h4 g4 19. Qxh6 Bd7 20. Qh5+ Rg6
21. Qxh7 O-O-O 22. Qxg6
1-0

[Event "LOCKDOWN LIGHT"]
[Site "SchemingMind.com"]
[Date "2020.04.21"]
[Round "-"]
[White "JPT"]
[Black "Robert Hatfield"]
[Result "1/2-1/2"]
[WhiteCountry "INT"]
[BlackCountry "USA"]
[WhiteElo "1822"]
[WhiteRD "84"]
[BlackElo "1792"]
[BlackRD "66"]
[GameID "454087"]

1. a3 Nf6 2. Nc3 e5 3. e4 d5 4. exd5 Nxd5 5. Nxd5 Qxd5 6. Qf3 Be6 7. Qxd5 Bxd5 8. d3 Nc6 9. c4 Be6 10. Nf3 Be7
11. Be2 O-O 12. O-O Rad8 13. b4 a6 14. Bb2 Nd4 15. Nxd4 exd4 16. Bf3 b6 17. Rfe1 c5 18. bxc5 bxc5 19. Reb1 Rb8 20. Bc1 Bf5
21. Be2 Bd6 22. Bg5 h6 23. Bh4 Rfe8 24. Bf1 Bd7 25. Bg3=
1/2-1/2

[Event "LOCKDOWN LIGHT"]
[Site "SchemingMind.com"]
[Date "2020.04.21"]
[Round "-"]
[White "Robert Hatfield"]
[Black "JPT"]
[Result "0-1"]
[WhiteCountry "USA"]
[BlackCountry "INT"]
[WhiteElo "1814"]
[WhiteRD "68"]
[BlackElo "1832"]
[BlackRD "78"]
[GameID "454088"]

1. a3 g6 2. Nf3 Bg7 3. e4 f6 4. d4 e6 5. c4 Nh6 6. Be2 Nf7 7. Nc3 O-O 8. O-O b6 9. Be3 Bb7 10. Qc2 d6
11. Rfd1 c6 12. h3 Na6 13. Rac1 Nc7 14. b4 Rc8 15. Qb3 Qe7 16. d5 cxd5 17. exd5 e5 18. Ne4 f5 19. Nc3 f4 20. Bd2 e4
21. Nh2 Ng5 22. Bg4 Rce8 23. Re1 Bc8 24. Bxc8 Rxc8 25. Ne2 Be5 26. Bc3 Nxh3+ 27. gxh3 f3 28. Bxe5 dxe5 29. Ng3 Qg5 30. Rxe4 Qxc1+
0-1

[Event "LOCKDOWN LIGHT"]
[Site "SchemingMind.com"]
[Date "2020.04.26"]
[Round "-"]
[White "David Hartley"]
[Black "Robert Hatfield"]
[Result "0-1"]
[WhiteCountry "ENG"]
[BlackCountry "USA"]
[WhiteElo "1709"]
[WhiteRD "72"]
[BlackElo "1792"]
[BlackRD "66"]
[GameID "454089"]

1. a3 e5 2. e4 Nf6 3. Nc3 Bc5 4. d3 O-O 5. Be2 Nc6 6. Bg5 a6 7. Nf3 Be7 8. O-O h6 9. Bd2 d5 10. exd5 Nxd5
11. Nxd5 Qxd5 12. h3 Be6 13. Re1 Rad8 14. Qc1 Qd7 15. Rd1 Bc5 16. c3 Bb6 17. b4 Bxh3 18. gxh3 Qxh3 19. Nh2 Qg3+
0-1

[Event "LOCKDOWN LIGHT"]
[Site "SchemingMind.com"]
[Date "2020.04.26"]
[Round "-"]
[White "Robert Hatfield"]
[Black "David Hartley"]
[Result "1-0"]
[WhiteCountry "USA"]
[BlackCountry "ENG"]
[WhiteElo "1814"]
[WhiteRD "68"]
[BlackElo "1693"]
[BlackRD "69"]
[GameID "454090"]

1. a3 e5 2. e4 Nf6 3. Nc3 d5 4. exd5 Nxd5 5. Nf3 Nxc3 6. bxc3 Bd6 7. Bc4 O-O 8. d3 Nc6 9. O-O Be7 10. Re1 Bf6
11. h3 h6 12. Bd2 a6 13. Rb1 b5 14. Ba2 Re8 15. Qe2 Be6 16. Bb3 Bxb3 17. cxb3 Re6 18. Nh2 Be7 19. b4 Nb8 20. Qf3 Nd7
21. d4 Bd6 22. d5 Re7 23. Ng4 Qf8 24. Ne3 Rc8 25. Nf5 Ree8 26. Nxh6+ gxh6 27. Qg4+ Kh7 28. Qxd7 Qg7 29. Qf5+ Kh8 30. Re4 Qg6
31. Qxg6 fxg6 32. Bxh6 Kh7 33. Bd2 Rf8 34. Rbe1 Rce8 35. Rh4+ Kg8 36. Ree4 Rf6 37. Be3 Kg7 38. Rh6 Rh8 39. Rxh8 Kxh8 40. c4 Rf8
41. c5 Be7 42. Rxe5 Bf6 43. Re6
1-0

[Event "LOCKDOWN LIGHT"]
[Site "SchemingMind.com"]
[Date "2020.04.22"]
[Round "-"]
[White "Clive Everill"]
[Black "Robert Hatfield"]
[Result "0-1"]
[WhiteCountry "CZE"]
[BlackCountry "USA"]
[WhiteElo "1723"]
[WhiteRD "54"]
[BlackElo "1820"]
[BlackRD "67"]
[GameID "454091"]

1. a3 d5 2. d4 Nf6 3. Nf3 g6 4. e3 Bg7 5. c4 c6 6. Nc3 Bg4 7. Be2 O-O 8. Qd3 Nbd7 9. O-O dxc4 10. Qxc4 Be6
11. Qd3 h6 12. h3 a5 13. Bd2 a4 14. Nh2 Nb6 15. Qb1 Bc4 16. Bxc4 Nxc4 17. Be1 Qc7 18. b3 axb3 19. Qxb3 b5 20. Ne2 Ne4
21. Nf3 Ra4 22. Bc3 Rfa8 23. Bb4 c5 24. Bc3 Nxa3 25. Bb2 c4 26. Qd1 b4 27. Bxa3 Rxa3 28. Rxa3 bxa3 29. Qc2 Nd6 30. Nc3 Qa5
31. Ra1 Rb8 32. Ra2 Rb3 33. Nb1 Qb4 34. Nbd2 Rb2 35. Rxb2 Qxb2 36. Qa4 a2 37. Qa8+ Kh7 38. Kh2 a1=Q 39. Qd5 Qbc1 40. Ne4 Nxe4
41. Qxe4 Qh1+ 42. Kg3 Qa7 43. Nh4 Qc7+ 44. f4 Qe1+ 45. Kf3 Qxh4
0-1

[Event "LOCKDOWN LIGHT"]
[Site "SchemingMind.com"]
[Date "2020.04.21"]
[Round "-"]
[White "krzysztof"]
[Black "Robert Hatfield"]
[Result "0-1"]
[WhiteCountry "POL"]
[BlackCountry "USA"]
[WhiteElo "1436"]
[WhiteRD "67"]
[BlackElo "1792"]
[BlackRD "66"]
[GameID "454093"]

1. a3 e5 2. b4 Nf6 3. Bb2 a5 4. b5 Bc5 5. c4 d5 6. h3 O-O 7. d3 dxc4 8. Nc3 cxd3 9. exd3 Re8 10. Nge2 Bf5
11. g4 Bxd3 12. Bg2 Bxe2 13. Qxe2 c6 14. bxc6 Nxc6 15. Ne4 Nxe4 16. Bxe4 Qh4 17. O-O-O Qxf2 18. Qxf2 Bxf2 19. Rd7 Rab8 20. Rf1 Be3+
21. Kb1 f6 22. g5 Bxg5 23. Bd5+ Kh8 24. Bxc6 bxc6 25. Ka2 Red8 26. Rxd8+ Rxd8 27. Rf5 g6 28. Rf1 Rd3 29. Rh1 Be3 30. Re1 c5
31. Kb1 a4 32. Bc1 Bxc1 33. Rxc1 Rxa3 34. Rxc5 Rxh3 35. Rc4 a3 36. Ka2 Kg7 37. Rc2 f5 38. Rc4 e4 39. Ra4 Kf6 40. Kb1 Rd3
41. Kc2 h5 42. Kc1 Kg5 43. Kc2 Kf4 44. Rc4 g5 45. Rc3 Rxc3+ 46. Kxc3 e3 47. Kb3 e2
0-1

[Event "LOCKDOWN LIGHT"]
[Site "SchemingMind.com"]
[Date "2020.04.21"]
[Round "-"]
[White "Robert Hatfield"]
[Black "krzysztof"]
[Result "1-0"]
[WhiteCountry "USA"]
[BlackCountry "POL"]
[WhiteElo "1820"]
[WhiteRD "67"]
[BlackElo "1450"]
[BlackRD "66"]
[GameID "454094"]

1. a3 g6 2. e4 Bg7 3. d4 d6 4. c4 e5 5. d5 b6 6. Nf3 f5 7. Nc3 Nd7 8. exf5 Ndf6 9. fxg6 hxg6 10. Bd3 Bh6
11. Bxg6+ Kf8 12. h3 Qe7 13. Qe2 Qg7 14. Qc2 Ne7 15. Be4 Ng6 16. Bxg6 Bxc1 17. Rxc1 Rh6 18. Be4 Qxg2 19. Nh4 Qg5 20. Nf5 Bxf5
21. Bxf5 Qg2 22. Be4 Nxe4 23. Qxe4 Qxe4+ 24. Nxe4 Ke7 25. Ke2 Rah8 26. Rc3 Rh4 27. Ng3 Rxh3 28. Rxh3 Rxh3 29. Nf5+ Kf6 30. Rxh3 Kxf5
31. Ke3 Kg4 32. Rh7 Kf5 33. Rxc7
1-0